Sports Quiz

Random Sports Quiz

A-League Teams Quiz Stats

Quiz not verified by Sporcle

Challenge
Share
Tweet
Embed
Score 0/10 Timer 02:00
0 Plays Today
Year Started Team % Correct
2005Sydney FC
83.3%
2005Perth Glory
77.8%
2005Central Coast Mariners
77.8%
2009Gold Coast United
72.2%
2005Adelaide United
72.2%
2005Brisbane Roar
72.2%
2005Melbourne Victory
72.2%
2005Newcastle Jets
72.2%
2007Wellington Phoenix
66.7%
2009North Queensland Fury
55.6%

You're not logged in!

Compare scores with friends on all Sporcle quizzes.
Join for Free
OR
Log In

You Might Also Like...

Show Comments

Extras

Created Dec 8, 2009ReportNominate
Tags:a-league, started, team, win

Top Quizzes Today


Score Distribution

Your Account Isn't Verified!

In order to create a playlist on Sporcle, you need to verify the email address you used during registration. Go to your Sporcle Settings to finish the process.

Report this User

Report this user for behavior that violates our Community Guidelines.

Details: